00290nam a2200109Ia 4500008004100000041000800041100001600049245003900065260003700104300000800141700003100149250110s9999 xx 000 0 und d aeng aShah Riddhi aSamvid : A School For The Aquistic bFinal Year B.Arch ID, Punec2012 a90p aGuide Name:Murugkar Kavita